| 000 | 00472nam a2200169 a 4500 | ||
|---|---|---|---|
| 001 | 1109 | ||
| 005 | 20140414131953.0 | ||
| 008 | 041020s19uu xx 00 eng d | ||
| 020 | _a0-201-65607-8 | ||
| 050 |
_aTR 428 _bW15 1983 |
||
| 100 | _aWalker, Michael | ||
| 245 |
_aYES! English for children, level C / _cMichael Walker. |
||
| 260 |
_aMassachussettes : _bAddison-Wesley, _c1983. |
||
| 300 | _ap. ; cm. | ||
| 650 |
_aReading _xStudy and teaching. |
||
| 999 |
_c112853 _d112853 |
||